[Event "Turkey IS Bank Super League 2017"]
[Site "Darica-Kocaeli"]
[Date "2017.08.05"]
[Round "12"]
[White "Karatekin, Tamer"]
[Black "Benidze, Davit"]
[Result "0-1"]
[WhiteElo "2287"]
[BlackElo "2515"]
[Annotator "TA"]
[PlyCount "70"]
[EventType "team-tourn"]
[EventCountry "TUR"]
[SourceTitle "playchess.com"]
[Source "ChessBase"]
[SourceQuality "1"]

{[%evp 9,70,23,28,20,34,28,34,34,23,-41,-41,-29,-37,-48,28,25,44,4,8,12,11,-12,-18,-15,-6,1,23,20,31,0,8,6,6,7,47,13,12,11,10,0,45,46,43,51,54,5,14,-82,-17,-16,0,-41,0,0,0,-87,-97,-170,-131,-343,-333,-476,-461]} 1. c4 b6 2. Nc3 Bb7 3. Nf3 e6 4. e4 c5 5. Be2 Nc6 6. d4 {A34: Symmetrical English: 2 Nc3, lines with ...d5} cxd4 7. Nxd4 Nf6 8. O-O {White is slightly better.} Qb8 9. a3 $146 (9. Nc2 $11) ({Predecessor:} 9. Nxc6 Bxc6 10. Qd3 Bb4 11. f3 O-O 12. a3 Be7 13. b4 Qc7 {½-½ (47) Nataf,I (2531)-Solodovnichenko,Y (2587) Drancy 2016}) 9... Nxd4 $15 10. Qxd4 Bd6 $1 11. h3 h5 (11... O-O $15) 12. Bg5 Bc5 13. Qd2 {White wants to play Rad1.} Nxe4 14. Nxe4 Bxe4 15. Rfd1 O-O 16. Qf4 Qb7 {White should prevent ...f6.} 17. Qg3 {[#] Threatens to win with b4.} h4 $1 {[%mdl 512]} 18. Bxh4 (18. Qg4 $5 {[%cal Rb2b4]}) (18. Qxh4 f6) 18... f6 19. Bd3 (19. b4 $5 {[%cal Rb4c5]} Be7 20. f3 $11) 19... Bd4 20. Qg4 Bxd3 21. Qxd4 Be4 22. Qxd7 Bxg2 23. Qxe6+ Rf7 24. Rd4 Bf3 25. Re1 Raf8 26. Re3 {Black must now prevent Bxf6!} Bc6 27. Qf5 (27. Bxf6 $5 Re8 28. Rd8 Rxd8 29. Bxd8 $16) 27... Re7 (27... Rd7 $5 {[%cal Rd7d4]} 28. Qe6+ Kh8 $14) 28. Rg4 {[#]} (28. Rd6 $11 {keeps the balance.} Rxe3 29. fxe3) 28... Rxe3 (28... Rd8 $1 $17 {[%cal Rd8d1] Hoping for ...Rd1+.} 29. Rxe7 Qxe7) 29. fxe3 $11 {Bxf6 is the strong threat.} Qe7 30. Qf4 Rf7 {[%mdl 1024] Black has compensation.} (30... Bd7 $5 {[%cal Rd7g4]} 31. Qe4 Qe8 32. Qxe8 Rxe8 $11) 31. Qb8+ Kh7 32. Qf4 (32. Bf2 $11 Rf8 33. Qg3) 32... g5 $36 {[%mdl 2048] White is under strong pressure.} 33. Qf5+ (33. Bxg5 $17 {might work better.} fxg5 34. Qxg5 Qxg5 35. Rxg5) 33... Kg7 34. Rg3 $2 (34. Bxg5 $17 fxg5 35. Qxg5+ Qxg5 36. Rxg5+ Kf6 37. Rh5) 34... Qd6 $19 35. Qf2 (35. Qf4 {was called for.} Qd2 36. b4) 35... Kf8 {Precision: White = 28%, Black = 43%.} 0-1

[Event "Turkey IS Bank Super League 2017"]
[Site "Darica-Kocaeli"]
[Date "2017.08.05"]
[Round "12"]
[White "Agdelen, Huseyin Can"]
[Black "Kerigan, Demre"]
[Result "1-0"]
[WhiteElo "2277"]
[BlackElo "2354"]
[Annotator "NA"]
[PlyCount "95"]
[EventType "team-tourn"]
[EventCountry "TUR"]
[SourceTitle "playchess.com"]
[Source "ChessBase"]
[SourceQuality "1"]
[TimeControl "40/5400+30:1800+30"]

1. e4 {[%emt 0:00:30]} c5 {[%emt 0:01:00]} 2. Nf3 {[%emt 0:00:30]} e6 {[%emt 0:00:30]} 3. d4 {[%emt 0:00:30]} cxd4 {[%emt 0:00:30]} 4. Nxd4 {[%emt 0:00:30]} Nc6 {[%emt 0:00:30]} 5. Nc3 {[%emt 0:00:30]} Qc7 {[%emt 0:00:00]} 6. Be3 {[%emt 0:00:30]} a6 {[%emt 0:00:00]} 7. Qf3 {[%emt 0:02:30] B48: Sicilian: Taimanov: 5 Nc3 Qc7 6 Be3 a6 without Be2} Bd6 {[%emt 0:00:30]} 8. O-O-O {[%emt 0:01:30]} Be5 {[%emt 0:00:30]} 9. g3 {[%emt 0:02:30]} b5 {[%emt 0:07:30]} 10. Qe2 {[%emt 0:07:30]} Bb7 {[%emt 0:07:30] LiveBook: 5 Games} 11. f4 {[%emt 0:24:30]} Bxd4 {[%emt 0:00:30]} 12. Bxd4 {[%emt 0:00:30]} Nxd4 {[%emt 0:00:30]} 13. Rxd4 {[%emt 0:00:30]} Ne7 {[%emt 0:06:30] [#]} 14. Bh3 $146 {[%emt 0:10:30]} ({Predecessor:} 14. Bg2 O-O {1-0 (33) Najer,E (2683)-Goormachtigh,J (2184) Novi Sad 2016}) 14... O-O {[%emt 0:13:30] [%clk 0:58]} 15. Rhd1 {[%emt 0:14:30]} Bc6 {[%emt 0:02:30]} 16. e5 {[%emt 0:06:30]} Qa5 {[%emt 0:01:30]} 17. Kb1 {[%emt 0:06:51]} b4 {[%emt 0:11:30]} 18. Ne4 {[%emt 0:00:05]} Bd5 {[%emt 0:03:30]} 19. b3 {[%emt 0:01:30]} (19. c4 $5 {[%cal Rc4d5]} bxc3 20. Nxc3 $11) 19... Bxe4 {[%emt 0:11:30]} 20. Qxe4 {[%emt 0:00:04]} Nd5 {[%emt 0:00:30]} 21. Rxd5 {[%emt 0:00:30]} exd5 {[%emt 0:00:30]} 22. Rxd5 {[%emt 0:00:00]} Qb6 {[%emt 0:00:00]} 23. Qd4 {[%emt 0:01:59]} (23. Bxd7 $16 Qg1+ 24. Kb2) 23... Qxd4 {[%emt 0:03:00]} 24. Rxd4 {[%emt 0:00:09]} a5 {[%emt 0:00:00]} 25. Bxd7 {[%emt 0:00:18]} Rfd8 {[%emt 0:02:00]} 26. f5 {[%emt 0:01:32]} Kf8 {[%emt 0:02:30]} 27. e6 {[%emt 0:00:19]} Ke7 {[%emt 0:01:30]} 28. Kb2 {[%emt 0:06:38]} fxe6 {[%emt 0:09:06]} 29. fxe6 {[%emt 0:00:13]} Rf8 {[%emt 0:01:19]} 30. a3 {[%emt 0:03:28]} bxa3+ {[%emt 0:09:45]} 31. Kxa3 {[%emt 0:00:30]} Rf5 {[%emt 0:00:25]} 32. c4 {[%emt 0:01:33]} Ra7 {[%emt 0:03:02]} 33. g4 {[%emt 0:00:24]} Rf1 {[%emt 0:01:07]} 34. c5 {[%emt 0:00:43]} a4 {[%emt 0:01:23]} 35. Rxa4 {[%emt 0:00:35]} Ra1+ {[%emt 0:00:30]} 36. Kb4 {[%emt 0:00:30]} R7xa4+ {[%emt 0:00:30]} 37. bxa4 {[%emt 0:00:30]} Ra2 {[%emt 0:00:10]} 38. a5 {[%emt 0:02:51]} Rb2+ {[%emt 0:00:46]} 39. Ka3 {[%emt 0:01:39]} Rc2 {[%emt 0:00:55]} 40. a6 {[%emt 0:02:09]} Rxc5 {[%emt 0:30:30]} 41. Kb4 {[%emt 0:00:30]} Rc7 {[%emt 0:00:00]} 42. Ka5 {[%emt 0:01:30]} Kd6 {[%emt 0:00:00]} 43. Kb6 {[%emt 0:00:30]} Rc2 {[%emt 0:00:00]} 44. a7 {[%emt 0:01:30]} Ra2 {[%emt 0:00:00]} 45. Bb5 $18 {[%emt 0:02:30]} g5 {[%emt 0:00:00]} 46. e7 {[%emt 0:00:30]} Kxe7 {[%emt 0:00:00]} 47. Ba6 {[%emt 0:00:00]} Rb2+ {[%emt 0:00:00]} 48. Kc5 {[%emt 0:00:00]} 1-0

[Event "Turkey IS Bank Super League 2017"]
[Site "Darica-Kocaeli"]
[Date "2017.08.05"]
[Round "12"]
[White "Tuncer, Tuna"]
[Black "Unat, Can Haktan"]
[Result "1-0"]
[WhiteElo "2274"]
[BlackElo "2006"]
[Annotator "NA"]
[PlyCount "107"]
[EventType "team-tourn"]
[EventCountry "TUR"]
[SourceTitle "playchess.com"]
[Source "ChessBase"]
[SourceQuality "1"]
[TimeControl "40/5400+30:1800+30"]

1. e4 {[%emt 0:00:30]} c5 {[%emt 0:02:00]} 2. Nf3 {[%emt 0:00:30]} e6 {[%emt 0:00:30]} 3. d4 {[%emt 0:00:30]} cxd4 {[%emt 0:00:30]} 4. Nxd4 {[%emt 0:00:00]} Nc6 {[%emt 0:00:00]} 5. Nc3 {[%emt 0:00:00]} Qc7 {[%emt 0:00:00]} 6. f4 {[%emt 0:00:30]} a6 {[%emt 0:00:00]} 7. Nxc6 {[%emt 0:00:30]} bxc6 {[%emt 0:00:00]} 8. Bd3 {[%emt 0:00:00]} d5 {[%emt 0:04:30]} 9. O-O {[%emt 0:00:00]} Nf6 {[%emt 0:01:30]} 10. Qe2 {[%emt 0:01:30]} Be7 {[%emt 0:03:30]} 11. b3 {[%emt 0:00:30]} Bb7 {[%emt 0:00:30]} 12. Bb2 {[%emt 0:00:30]} O-O {[%emt 0:02:30]} 13. Rae1 {[%emt 0:01:30] [#] B46: Sicilian: Taimanov: 5 Nc3 a6} Rad8 $146 {[%emt 0:03:30]} ({Find the theoretical novelty and annotate with similar games:} 13... Rfe8 14. Rf3 c5 15. Kh1 g6 16. e5 Nd7 17. Rh3 Bf8 18. Nd1 c4 19. bxc4 dxc4 20. Bxc4 Nc5 21. Ne3 h5 {½-½ (29) Pichot,A (2544)-Bosiocic,M (2591) Doha 2016}) 14. Kh1 {[%emt 0:06:30]} a5 {[%emt 0:11:30] [#]} (14... d4 $11 {remains equal.} 15. Na4 Bb4) 15. Qf3 {[%emt 0:25:30]} ({White should play} 15. exd5 $1 $16 cxd5 16. f5) 15... d4 {[%emt 0:12:30]} 16. Nb1 {[%emt 0:02:30]} c5 {[%emt 0:02:30]} (16... a4 $5) 17. a4 {[%emt 0:02:30]} Ne8 {[%emt 0:03:30]} 18. Qh3 {[%emt 0:06:30]} f6 {[%emt 0:00:30] [%clk 0:50]} 19. Bc4 {[%emt 0:03:30]} Nd6 {[%emt 0:16:30]} 20. Bxe6+ {[%emt 0:01:30]} Kh8 {[%emt 0:00:00]} 21. Nd2 {[%emt 0:02:30]} Rde8 {[%emt 0:06:00]} 22. Bc1 {[%emt 0:05:30]} Bc8 {[%emt 0:09:30]} 23. Bxc8 {[%emt 0:05:30]} Nxc8 {[%emt 0:00:59]} 24. Qd3 {[%emt 0:03:30]} Na7 {[%emt 0:01:12]} 25. Nc4 {[%emt 0:03:30]} Nc6 {[%emt 0:00:35]} 26. Bd2 {[%emt 0:00:30]} Bd6 {[%emt 0:01:57]} 27. Re2 {[%emt 0:06:30]} Qd8 {[%emt 0:00:58]} 28. Rfe1 {[%emt 0:01:30]} Bc7 {[%emt 0:00:18]} 29. Qf3 {[%emt 0:02:01]} d3 {[%emt 0:00:46]} 30. Qxd3 {[%emt 0:00:10]} Qxd3 {[%emt 0:00:12]} 31. cxd3 {[%emt 0:00:05]} Nd4 {[%emt 0:01:53]} 32. Rf2 {[%emt 0:03:08]} Nxb3 {[%emt 0:00:17]} 33. Bc3 {[%emt 0:02:43]} Rb8 {[%emt 0:03:45]} 34. g3 {[%emt 0:04:38]} Rfd8 {[%emt 0:00:44]} 35. Rd1 {[%emt 0:01:18]} Kg8 {[%emt 0:00:42]} 36. Rb2 {[%emt 0:00:33]} Rb7 {[%emt 0:08:24]} 37. Kg2 {[%emt 0:01:29]} Rdb8 {[%emt 0:00:33]} 38. Rdb1 {[%emt 0:00:27]} Kf8 {[%emt 0:00:13]} 39. Kf2 {[%emt 0:01:26]} Ke8 {[%emt 0:00:15]} 40. Ke3 {[%emt 0:00:00]} Kd7 {[%emt 0:05:17]} 41. Nd2 {[%emt 0:08:32]} Nxd2 {[%emt 0:00:30]} 42. Kxd2 {[%emt 0:00:30]} Rxb2+ {[%emt 0:00:30]} 43. Rxb2 {[%emt 0:00:00]} Rxb2+ {[%emt 0:01:30]} 44. Bxb2 {[%emt 0:00:00]} Bd8 {[%emt 0:00:30]} 45. Kc3 {[%emt 0:00:30]} Kc6 {[%emt 0:00:30]} 46. Kc4 {[%emt 0:00:30]} Bc7 {[%emt 0:09:30]} 47. Bc1 {[%emt 0:03:30]} h6 {[%emt 0:01:14]} 48. Bd2 {[%emt 0:06:30]} Bd8 {[%emt 0:00:49]} 49. g4 {[%emt 0:02:43]} Bb6 {[%emt 0:04:17]} 50. h4 {[%emt 0:00:35]} Bd8 {[%emt 0:01:30]} 51. h5 {[%emt 0:00:21]} Bc7 {[%emt 0:05:28]} 52. g5 {[%emt 0:00:49]} hxg5 {[%emt 0:00:43]} 53. fxg5 $18 {[%emt 0:00:06]} Be5 {[%emt 0:00:35]} 54. g6 {[%emt 0:00:39]} 1-0

[Event "Turkey IS Bank Super League 2017"]
[Site "Darica-Kocaeli"]
[Date "2017.08.05"]
[Round "12"]
[White "Demircioglu, Emre"]
[Black "Selbes, Tarik"]
[Result "0-1"]
[WhiteElo "2265"]
[BlackElo "2297"]
[Annotator "NA"]
[PlyCount "70"]
[EventType "team-tourn"]
[EventCountry "TUR"]
[SourceTitle "playchess.com"]
[Source "ChessBase"]
[SourceQuality "1"]
[TimeControl "40/5400+30:1800+30"]

{[%evp 17,70,27,16,18,22,15,0,12,27,19,14,23,35,25,39,33,54,43,43,20,17,-35,79,62,32767,32767,32767,32767,32767,32767,32767,32767,32767,32767,32767,32767,32767,32767,32767,32767,32767,83,100,0,0,32767,-222,-209,-218,-211,-210,-515,-603,32767,-610]} 1. d4 {[%emt 0:01:30]} Nf6 {[%emt 0:01:00]} 2. c4 {[%emt 0:00:00]} g6 {[%emt 0:00:30]} 3. Nc3 {[%emt 0:01:00]} Bg7 {[%emt 0:00:00]} 4. e4 {[%emt 0:01:30]} O-O {[%emt 0:00:00]} 5. Be2 {[%emt 0:00:30]} d6 {[%emt 0:00:30]} 6. Bg5 {[%emt 0:00:30]} h6 {[%emt 0:00:30]} 7. Be3 {[%emt 0:00:30]} e5 {[%emt 0:00:30]} 8. d5 {[%emt 0:11:30]} Na6 {[%emt 0:00:30]} 9. Nf3 {[%emt 0:08:30] E73: King's Indian: Averbakh Variation without 6...c5} (9. Qd2 Nc5 10. f3 Kh7 11. O-O-O a5 12. g4 h5 13. h3 a4 14. Bf1 Ng8 15. gxh5 gxh5 16. h4 Bh6 17. Nh3 Bxe3 18. Qxe3 {½-½ (49) Cruz,C (2565)-Cori Tello,J (2612) Lima 2017}) 9... Ng4 {[%emt 0:03:30]} 10. Bc1 {[%emt 0:00:30]} f5 {[%emt 0:00:30]} 11. exf5 {[%emt 0:00:30]} gxf5 {[%emt 0:01:30]} 12. g3 {[%emt 0:00:30]} e4 {[%emt 0:01:30]} 13. Nh4 {[%emt 0:02:30]} Nc5 $146 {[%emt 0:02:30]} ({Predecessor:} 13... Bxc3+ 14. bxc3 Qf6 15. O-O Qxc3 16. Rb1 Qg7 17. Bb2 Ne5 18. Kh1 Nc5 {½-½ (18) Brinkmann,W (2125)-Eberl,H ICCF email 2002}) 14. Ng6 {[%emt 0:03:30]} Re8 {[%emt 0:03:30]} 15. h3 {[%emt 0:06:30]} Qf6 {[%emt 0:12:30]} 16. Nf4 {[%emt 0:03:30]} Ne5 {[%emt 0:01:30]} 17. Kf1 {[%emt 0:07:30]} Bd7 {[%emt 0:01:30]} 18. Be3 {[%emt 0:01:30]} Ncd3 {[%emt 0:05:30]} 19. Nxd3 {[%emt 0:03:30]} ({Better is} 19. Bxd3 $11 exd3 20. Nh5) 19... exd3 {[%emt 0:00:00]} (19... Nxc4 $11 {remains equal.} 20. Bc1 exd3 21. Qxd3 b5) 20. Bxd3 {[%emt 0:00:30]} Nxd3 {[%emt 0:04:00]} 21. Qxd3 {[%emt 0:00:30]} f4 {[%emt 0:01:30] [%clk 0:59]} 22. Bxf4 {[%emt 0:03:30]} Bf5 {[%emt 0:00:00]} 23. Qd2 {[%emt 0:00:30]} Qg6 {[%emt 0:00:00]} 24. Kg2 {[%emt 0:00:30]} Bd3 {[%emt 0:00:30]} 25. Rhd1 {[%emt 0:21:35]} Bxc4 {[%emt 0:00:30]} 26. Rac1 {[%emt 0:01:46]} Re7 {[%emt 0:02:30]} 27. b3 {[%emt 0:00:50]} Ba6 {[%emt 0:00:30]} 28. Be3 {[%emt 0:01:26]} Rf8 {[%emt 0:01:30]} 29. Bd4 {[%emt 0:00:43]} ({Not} 29. Bxa7 b6 $17) 29... Qf5 {[%emt 0:11:30]} 30. f4 {[%emt 0:00:58]} (30. Re1 $14 Qf3+ 31. Kg1 Bxd4 32. Qxd4) 30... Rfe8 $1 {[%emt 0:01:30]} 31. Bxg7 {[%emt 0:08:52]} Re2+ $1 {[%emt 0:01:30]} 32. Nxe2 {[%emt 0:00:06]} Rxe2+ {[%emt 0:00:30]} 33. Qxe2 {[%emt 0:00:30]} Bxe2 {[%emt 0:00:00]} 34. Re1 $2 {[%emt 0:00:00]} (34. Rd4 Kxg7 35. g4) 34... Qe4+ {[%emt 0:00:00]} 35. Kh2 {[%emt 0:00:50]} Kxg7 $19 {[%emt 0:00:30]} 0-1

[Event "Turkey IS Bank Super League 2017"]
[Site "Darica-Kocaeli"]
[Date "2017.08.05"]
[Round "12"]
[White "Samani, Yamac"]
[Black "Tirak, Mert"]
[Result "1-0"]
[WhiteElo "2263"]
[BlackElo "1909"]
[Annotator "ChessBase"]
[PlyCount "81"]
[EventType "team-tourn"]
[EventCountry "TUR"]
[SourceTitle "playchess.com"]
[Source "ChessBase"]
[SourceQuality "1"]
[TimeControl "40/5400+30:1800+30"]

1. e4 {[%emt 0:00:30]} d6 {[%emt 0:02:00]} 2. d4 {[%emt 0:00:30]} Nf6 {[%emt 0:00:00]} 3. Nc3 {[%emt 0:00:00]} g6 {[%emt 0:00:00]} 4. Nf3 {[%emt 0:02:00]} Bg7 {[%emt 0:01:30]} 5. h3 {[%emt 0:00:30]} O-O {[%emt 0:00:00]} 6. Be3 {[%emt 0:00:30]} b6 {[%emt 0:11:00]} 7. Bd3 {[%emt 0:01:30]} Bb7 {[%emt 0:00:30]} 8. O-O {[%emt 0:00:30]} Nbd7 {[%emt 0:03:30]} 9. Qd2 {[%emt 0:02:30]} Re8 {[%emt 0:03:30]} 10. a4 {[%emt 0:08:30]} a6 {[%emt 0:01:30]} 11. Rfe1 {[%emt 0:05:30]} c5 {[%emt 0:06:30]} 12. d5 {[%emt 0:01:30]} Qc7 {[%emt 0:12:30]} 13. Bc4 {[%emt 0:01:30]} Ne5 {[%emt 0:12:30]} 14. Nxe5 {[%emt 0:00:30]} dxe5 {[%emt 0:00:30] [%clk 0:39]} 15. Rf1 {[%emt 0:18:30]} Nh5 {[%emt 0:05:30]} 16. Rad1 {[%emt 0:14:30]} Rad8 {[%emt 0:03:30]} 17. Qe2 {[%emt 0:03:30]} Nf4 {[%emt 0:02:30]} 18. Qf3 {[%emt 0:04:30]} Bc8 {[%emt 0:11:30]} 19. Ne2 {[%emt 0:02:30]} Nh5 {[%emt 0:04:47]} 20. Qxf7+ {[%emt 0:08:30]} Kxf7 {[%emt 0:02:20]} 21. d6+ {[%emt 0:00:00]} Be6 {[%emt 0:04:29]} 22. dxc7 {[%emt 0:01:00]} Rxd1 {[%emt 0:01:03]} 23. Bxe6+ {[%emt 0:00:30]} Kxe6 {[%emt 0:02:44]} 24. Rxd1 {[%emt 0:00:30]} Rc8 {[%emt 0:00:16]} 25. Rd8 {[%emt 0:01:30]} Rxc7 {[%emt 0:00:13]} 26. Ra8 {[%emt 0:00:30]} a5 {[%emt 0:00:30]} 27. Nc3 {[%emt 0:00:30]} Nf6 {[%emt 0:02:06]} 28. Bg5 {[%emt 0:01:30]} c4 {[%emt 0:03:20]} 29. Bxf6 {[%emt 0:00:30]} exf6 {[%emt 0:00:21]} 30. Rb8 {[%emt 0:01:32]} Rc6 {[%emt 0:00:39]} 31. Nd5 {[%emt 0:00:42]} Kd6 {[%emt 0:02:13]} 32. Rb7 {[%emt 0:02:08]} Bh6 {[%emt 0:00:36]} 33. Rxh7 {[%emt 0:03:53]} Bc1 {[%emt 0:00:09]} 34. b3 {[%emt 0:02:22]} cxb3 {[%emt 0:00:49]} 35. cxb3 {[%emt 0:00:30]} f5 {[%emt 0:00:00]} 36. Rb7 {[%emt 0:06:17]} fxe4 {[%emt 0:00:12]} 37. Nxb6 {[%emt 0:00:30]} e3 {[%emt 0:00:30]} 38. Kf1 {[%emt 0:02:16]} exf2 {[%emt 0:00:16]} 39. Nc4+ {[%emt 0:00:23]} Kd5 {[%emt 0:02:30]} 40. Kxf2 {[%emt 0:00:00]} Rc5 {[%emt 0:01:57]} 41. Rd7+ {[%emt 0:10:27]} 1-0

[Event "Turkey IS Bank Super League 2017"]
[Site "Darica-Kocaeli"]
[Date "2017.08.05"]
[Round "12"]
[White "Yaran, Siar"]
[Black "Gundogan, Cem"]
[Result "1-0"]
[WhiteElo "2253"]
[BlackElo "2062"]
[Annotator "NA"]
[PlyCount "57"]
[EventType "team-tourn"]
[EventCountry "TUR"]
[SourceTitle "playchess.com"]
[Source "ChessBase"]
[SourceQuality "1"]
[TimeControl "40/5400+30:1800+30"]

{[%evp 14,42,-10,-5,-6,-43,-30,-42,-4,-18,-27,-45,-34,-47,-35,-78,0,32767,32767,32767,-38,32767,32767,0,32767,-47,0,0,-8,-2,0]} 1. e4 {[%emt 0:00:30]} e6 {[%emt 0:02:00]} 2. d4 {[%emt 0:01:30]} d5 {[%emt 0:00:30]} 3. exd5 {[%emt 0:00:00]} exd5 {[%emt 0:00:30]} 4. c4 {[%emt 0:00:00]} Nf6 {[%emt 0:04:30]} 5. Nc3 {[%emt 0:00:30]} Be7 {[%emt 0:00:30]} 6. Bd3 {[%emt 0:00:00]} Nc6 {[%emt 0:06:30]} 7. cxd5 {[%emt 0:05:00] C01: French: Exchange Variation} Nb4 {[%emt 0:02:30]} (7... Nxd5 8. Nge2 Be6 9. O-O O-O 10. a3 Re8 11. Bc2 Bf8 12. Qd3 g6 13. Ng3 Bg7 14. Nce2 Nce7 {0-1 (53) Safarli,E (2660)-Nguyen,N (2625) Khanty-Mansiysk 2013}) 8. Bb1 {[%emt 0:00:30]} Nbxd5 {[%emt 0:00:30]} 9. Nge2 {[%emt 0:01:30]} c6 {[%emt 0:02:30]} 10. O-O {[%emt 0:00:30]} Bg4 $146 {[%emt 0:04:30]} ({Predecessor:} 10... Bd6 11. Ng3 O-O 12. Bg5 Qc7 13. Qd3 g6 14. a3 Be6 {1-0 (40) Kouvatsou,M (2218)-Brescher,W (2005) Ikaros 2002}) 11. Qd3 {[%emt 0:05:30]} Qc7 {[%emt 0:08:30]} 12. Bg5 {[%emt 0:05:30]} O-O-O {[%emt 0:05:30]} 13. a3 {[%emt 0:07:30]} h6 {[%emt 0:04:30]} 14. Bh4 {[%emt 0:02:30]} Nf4 {[%emt 0:08:30]} ({Black should play} 14... Bd6 $17 15. Bxf6 Nxf6) 15. Nxf4 {[%emt 0:15:30]} Qxf4 {[%emt 0:00:30]} 16. Nb5 {[%emt 0:00:30] [%clk 0:51]} cxb5 {[%emt 0:40:39]} 17. Bg3 {[%emt 0:03:30]} Qg5 {[%emt 0:00:43]} 18. h4 $1 {[%emt 0:00:30]} Qh5 {[%emt 0:02:25]} 19. Rc1+ $1 {[%emt 0:02:30]} Kd7 {[%emt 0:00:01]} 20. Rc7+ {[%emt 0:06:30]} Ke8 {[%emt 0:00:00]} 21. Ba2 $1 {[%emt 0:01:30]} Be6 $11 {[%emt 0:00:53]} 22. Re1 {[%emt 0:11:30]} Nd5 {[%emt 0:00:38]} 23. Qxb5+ {[%emt 0:00:30]} Kf8 {[%emt 0:00:01]} 24. Rxb7 {[%emt 0:09:12]} Nf6 {[%emt 0:04:04]} 25. d5 {[%emt 0:01:19]} Bd7 {[%emt 0:00:48]} 26. d6 {[%emt 0:00:21]} Bxb5 {[%emt 0:01:09]} 27. dxe7+ {[%emt 0:00:05]} Ke8 {[%emt 0:00:00]} 28. Bxf7+ {[%emt 0:00:24]} Qxf7 {[%emt 0:00:37]} 29. exd8=N+ {[%emt 0:01:14]} 1-0

[Event "Turkey IS Bank Super League 2017"]
[Site "Darica-Kocaeli"]
[Date "2017.08.05"]
[Round "12"]
[White "Goksel, Doga Cihan"]
[Black "Buyukasik, Diyap"]
[Result "1/2-1/2"]
[WhiteElo "2247"]
[BlackElo "2285"]
[Annotator "NA"]
[PlyCount "61"]
[EventType "team-tourn"]
[EventCountry "TUR"]
[SourceTitle "playchess.com"]
[Source "ChessBase"]
[SourceQuality "1"]
[TimeControl "40/5400+30:1800+30"]

{[%evp 11,61,16,45,25,30,9,9,19,17,-6,-8,-22,0,-29,-29,-30,-34,-36,-39,-81,-19,-74,14,-62,6,-54,46,-15,58,6,56,32767,32767,32767,3,32767,32767,-95,32767,-83,-53,32767,-84,-112,-110,32767,32767,-124,-74,-100,-61,-75]} 1. Nf3 {[%emt 0:00:30]} Nf6 {[%emt 0:01:00]} 2. d4 {[%emt 0:03:30]} e6 {[%emt 0:02:30]} 3. c4 {[%emt 0:01:30]} Bb4+ {[%emt 0:00:30]} 4. Nbd2 {[%emt 0:00:30]} O-O {[%emt 0:01:30]} 5. a3 {[%emt 0:01:30]} Be7 {[%emt 0:01:30]} 6. e4 {[%emt 0:10:30]} d5 {[%emt 0:00:00]} 7. e5 {[%emt 0:03:30]} Nfd7 {[%emt 0:00:00]} 8. cxd5 {[%emt 0:09:30]} exd5 {[%emt 0:00:30]} 9. Bd3 {[%emt 0:00:00] LiveBook: 54 Games} c5 {[%emt 0:00:30]} 10. dxc5 {[%emt 0:01:00] E11: Bogo-Indian} Nc6 {[%emt 0:01:30]} 11. O-O $1 {[%emt 0:05:30]} Nxc5 {[%emt 0:03:30]} 12. Bc2 $146 {[%emt 0:03:30]} ({Find the theoretical novelty and annotate with similar games:} 12. Bb1 Bg4 13. Qc2 g6 14. b4 Ne6 15. Bb2 Qb6 16. h3 Bxf3 17. Nxf3 a5 18. bxa5 Nxa5 {0-1 (45) Temirbayev,S (2490)-Bocharov,D (2577) Salekhard 2006}) 12... Bg4 {[%emt 0:04:30]} 13. h3 {[%emt 0:06:30]} Bh5 $1 {[%emt 0:00:30]} 14. b4 {[%emt 0:06:30]} Ne6 $1 {[%emt 0:04:30]} 15. Re1 {[%emt 0:01:30]} Rc8 {[%emt 0:01:30]} 16. Bb2 {[%emt 0:00:30]} (16. Nb3 $11) 16... Re8 {[%emt 0:05:30]} ({Black should try} 16... Ncd4 $15 17. Bxd4 Nxd4) 17. Rc1 {[%emt 0:00:30]} ({White should try} 17. Qb1 $11) 17... Ncd4 {[%emt 0:03:30]} 18. Bd3 {[%emt 0:01:30]} (18. Bxd4 $11 Nxd4 19. Ba4) 18... Qb6 {[%emt 0:00:30]} (18... Rxc1 $17 19. Bxc1 Bg5) 19. g4 {[%emt 0:02:30]} (19. Bxd4 $14 Nxd4 20. g4) 19... Bg6 {[%emt 0:00:30]} (19... Rxc1 $11 20. Qxc1 Nxf3+ 21. Nxf3 Bg6 22. Bxg6 hxg6) 20. Bxg6 {[%emt 0:00:30]} (20. Bxd4 $5 Nxd4 21. Bxg6 hxg6 22. Nxd4 Qxd4 23. Nf3 Qxd1 24. Rcxd1 $14) 20... hxg6 {[%emt 0:00:30]} 21. Nxd4 {[%emt 0:00:30]} Nxd4 {[%emt 0:01:30]} 22. Nf3 {[%emt 0:01:30] [%clk 0:37]} Ne6 {[%emt 0:03:30]} 23. Qd2 {[%emt 0:01:30]} Rc4 {[%emt 0:01:30]} 24. Rxc4 {[%emt 0:02:30]} (24. Qxd5 $11 Rf4 25. Rc2) 24... dxc4 {[%emt 0:00:30]} 25. Qe3 {[%emt 0:04:30]} Qxe3 {[%emt 0:01:30]} 26. Rxe3 {[%emt 0:00:30]} b5 {[%emt 0:00:30]} 27. Nd4 {[%emt 0:01:30]} Nxd4 {[%emt 0:00:30]} 28. Bxd4 {[%emt 0:00:30]} a6 {[%emt 0:00:30]} 29. Re4 {[%emt 0:02:30]} (29. f4 $15) 29... Rc8 {[%emt 0:00:30]} 30. Bc3 {[%emt 0:00:30]} Kf8 {[%emt 0:01:30]} 31. Kf1 $17 {[%emt 0:01:30]} 1/2-1/2